|
|
|
|
| LEADER |
01067nam a22002777a 4500 |
| 001 |
41205 |
| 003 |
BD-DhAAL |
| 008 |
230515t2004 ko ||||| |||| 00| 0 kor d |
| 020 |
|
|
|a 9788956440538
|
| 020 |
|
|
|a 8956440530
|
| 040 |
|
|
|a BD-DhAAL
|c BD-DhAAL
|
| 082 |
|
|
|a 121.4
|2 23
|
| 100 |
|
|
|a Wilson, John,
|d 1928-
|9 54232
|
| 245 |
|
|
|a (Seize the concept!) Logistics /
|c Written by John Wilson ; translated by Yoon Hee-won.
|
| 246 |
|
|
|a Thinking with concepts
|
| 260 |
|
|
|a Seoul :
|b EJ Books,
|c c2004.
|
| 300 |
|
|
|a 222 pages ;
|c 22 cm.
|
| 541 |
|
|
|a Complimentary copy from Dr. Sang Hoon Lee, Dean of Brac Business School, Brac University
|e 41205
|
| 650 |
|
|
|a Concepts.
|9 54233
|
| 650 |
|
|
|a Analysis (Philosophy).
|9 54234
|
| 650 |
|
|
|a Philosophy.
|
| 700 |
|
|
|a Hee-won, Yoon,
|d 1956-
|9 54235
|
| 852 |
|
|
|a Ayesha Abed Library
|c General Stacks
|
| 942 |
|
|
|2 ddc
|c BK
|
| 999 |
|
|
|c 45758
|d 45758
|
| 952 |
|
|
|0 0
|1 0
|2 ddc
|4 0
|6 121_400000000000000_WIL
|7 0
|9 73636
|a BRACUL
|b BRACUL
|c GEN
|d 2023-05-15
|e Complimentary copy from Dr. Sang Hoon Lee
|l 0
|o 121.4 WIL
|p 3010041205
|r 2023-05-15
|t 1
|w 2023-05-15
|y BK
|